000 00917nam a22002417a 4500
008 081119t xxu||||| |||| 00| 0 eng d
010 _aENG-91665
020 _a9788189913977
_c695.00
035 _aEN-75198
037 _bDBAD / PUB
040 _adpl
_bEnglish
082 _a305.56330954
100 _aSingh, S.B.
245 _aPeasants and monks in British India /
_cby S.B. Singh
260 _aNew Delhi
_bAlfa Publications
_c2008
270 _a4398/5, Ansari Road, Daryaganj,
_bNew Delhi
_e110002
300 _a288p.
_c22cm (Hb)
500 _aIncludes bibliographical references and index
650 _aRamanandis
650 _aVaishnavism
_xSocial aspects
942 _2ddc
_cEN
_mSIN
_h305.56330954
999 _c18695
_d18695